000 01011nam0a22002531 4500
001 rc\4595469
005 20250612125742.0
021 _aRU
_b[62-13971]
035 _a(NLR Aleph) 008663898
090 _a9078390
_c9078390
100 _a20130416d1961 |||y0rusy50 ca
101 0 _arus
102 _aRU
105 _aa z |||||
200 1 _aМеханизированная санитарная обработка возвратных бочек
_eИнструкция
_fМособлсовнархоз. [Центр. науч.-исслед. лаборатория тары "ЦНИЛТара"]. ЦБТИ
210 _aМосква
_cБ. и.
_d1961
215 _a19 с., 1 л. схем.
_cил.
_d22
606 _aБочки деревянные
_xМойка
_xМеханизация
_2psbo
712 0 2 _aНаучно-исследовательская лаборатория тары (Москва)
801 0 _aRU
_bNLR
_gpsbo
801 1 _aRU
_bELAR
_2rusmarc
852 _aNLR
_j62-6/3528
942 _cBOOK
980 _aNB